| 000 | 00514nam a2200169Ia 4500 | ||
|---|---|---|---|
| 999 |
_c35266 _d35266 |
||
| 003 | OSt | ||
| 005 | 20201217095306.0 | ||
| 008 | 190216s9999||||xx |||||||||||||| ||und|| | ||
| 040 | _coclc | ||
| 082 |
_a494.8123 _bPAN/N |
||
| 100 |
_aPanicker, R Narayana _97604 |
||
| 245 | 0 |
_aNavayuga Bhasha Nigandu / _cR Narayana Panicker |
|
| 260 |
_bThe Reddiar Press & Book Depot, _c1964. _aTrivandrum: |
||
| 300 | _a988p | ||
| 650 | _aMalayalam | ||
| 942 |
_cREF _2ddc _h494.8123 _iPAN/N _k494.8123 _mPAN/N |
||